Weezer: Albums by Cover - Statistics

General Stats
  • This quiz has been taken 87 times
  • The average score is 10 of 15
Answer Stats
Picture Hint Answer % Correct
1994 Blue Album
100%
2001 Green Album
100%
2008 Red Album
98%
1996 Pinkerton
87%
2019 Teal Album
85%
2019 Black Album
84%
2016 White Album
80%
2010 Hurley
61%
2021 OK Human
56%
2021 Van Weezer
56%
2005 Make Believe
51%
2002 Maladroit
49%
2009 Raditude
49%
2017 Pacific Daydream
46%
2014 Everything Will Be Alright in the End
41%
No matching quizzes found
Score Distribution
Percent of People with Each Score
Percentile by Number Answered
Your Score History
You have not taken this quiz